Дууч шувууд (Бичлэгийн дугаар. 1102183)

MARC дэлгэрэнгүй
000 -Удирдлага
Ном зүйн бүртгэл тоо буюу кодлох утгыг агуулсан 00765nam a22002297a 4500
008 - ЕРӨНХИЙ МЭДЭЭЛЭЛ-ЭЛЕМЕНТҮҮДИЙН ӨГӨГДЛИЙН УРТ
fixed length control field 240706b mp ||||| |||| 00| 0 mon d
020 ## - ОЛОН УЛСЫН СТАНДАРТ НОМЫН ДУГААР-ISBN
Олон Улсын Стандарт Номын Дугаар 99929-0-475-5
035 ## - СИСТЕМИЙН ХЯНАЛТЫН ДУГААР
Системийн хяналтын дугаар 2653
040 ## - ЭХ СУРВАЛЖИЙГ ТОДОРХОЙЛОН БИЧИХ
Анхны каталогийн байгууллага BH0164090
Каталогийн хэл Монгол
Бичлэг хийж нэвтрүүлэх байгууллага MN-UlNLM
Өөрчлүүлэх байгууллага MN-UlNLM
Бичиглэлийн тодорхойлолт rda
041 ## - ХЭЛНИЙ КОД
Текстийн хэлний код/фонограм буюу салангид гарчиг Монгол
042 ## - AUTHENTICATION CODE
Authentication code 52591
084 ## - БУСАД АНГИЛЛЫН ДУГААР
Ангиллын нэр Номын сан номзүйн ангилал
Анги 26.693.35
Зохиогчийн 3-н тэмдэгт К.921
100 ## - ЗОХИОГЧИЙН ХЭСЭГ
Зохиогчийн нэр Куппэр Х.
245 #0 - ҮНДСЭН ГАРЧИГ
Гарчиг Дууч шувууд
264 ## - ГАРАЛТЫН МЭДЭЭ
Хэвлэгдсэн газар Улаанбаатар
Бүтээгч, хэвлэгч, түгээгч, үйлдвэрлэгчийн нэр АДМОН
Хэвлэгдсэн он 2008
300 ## - ТООНЫ МЭДЭЭ
Хуудасны тоо 16х.
336 ## - АГУУЛГЫН ТӨРӨЛ
Нөөц rdacontent
Агуулгын төрлийн нөхцөл text
Агуулгын төрлийн код txt
337 ## - MEDIA TYPE
Эх сурвалж rdamedia
Файлын төрөл unmediated
Файлын код n
338 ## - CARRIER TYPE
Source rdacarrier
Carrier type term volume
Carrier type code nc
650 ## - Сэдэв
Сэдэв Элдэв сонин эгдүүтэй хөөрхөн шувуудын тухай Бялзуухайн тухай Гарчиг: Дууч шувууд ...
942 ## - ЭЛЕМЕНТИЙН ТӨРӨЛ
Анги Номын сан номзүйн ангилал
Төрөл Ном
Захиалгууд
Буцаан татагдсан төлөв Хасагдсан шалтгаан Гэмтсэн төлөв Данс заагч Захиалах боломжгүй Үндсэн номын сан Одоогийн байршил Салбар танхим Салбар танхим Бүртгэсэн огноо Тавиурын заалт Баркод Үнэ Хамгийн сүүлд байсан огноо Нийт уншлаганд гарсан тоо Дансны дугаар Төрөл
          Баянхонгор Баянхонгор Баянхонгор | Хүүхдийн уншлагын танхим Баянхонгор | Хүүхдийн уншлагын танхим 2024-07-07 26.693.35 К.921 BH0162653-2-1 1000.00 2024-07-07   39450 Ном
          Баянхонгор Баянхонгор Баянхонгор | Хүүхдийн уншлагын танхим Баянхонгор | Хүүхдийн уншлагын танхим 2024-07-07 26.693.35 К.921 BH0162653-2-2 1000.00 2024-07-07   39451 Ном
          Баянхонгор Баянхонгор Баянхонгор | Хүүхдийн уншлагын танхим Баянхонгор | Хүүхдийн уншлагын танхим 2024-07-07 26.693.35 К.921 BH0162653-2-4 1000.00 2024-07-07   40980 Ном
          Баянхонгор Баянхонгор Баянхонгор | Хүүхдийн уншлагын танхим Баянхонгор | Хүүхдийн уншлагын танхим 2024-07-07 26.693.35 К.921 BH0162653-2-5 1000.00 2024-07-07   40981 Ном